[Event "ESP-ch U10"]
[Site "Salobrena"]
[Date "2023.07.03"]
[Round "2"]
[White "Merino Olaverri, Jon"]
[Black "Muniz Lloris, Hugo"]
[Result "1-0"]
[WhiteElo "1350"]
[BlackElo "1153"]
[PlyCount "69"]
[EventDate "2023.07.03"]
[EventType "swiss"]
[EventRounds "9"]
[EventCountry "ESP"]
[SourceTitle "EXT 2024"]
[Source "ChessBase"]
[SourceDate "2023.10.10"]
[SourceVersion "1"]
[SourceVersionDate "2023.10.10"]
[SourceQuality "1"]

1. d4 d5 2. Bf4 Nf6 3. Nf3 Bf5 4. e3 Nc6 5. Bd3 Bg6 6. c3 e6 7. Qc2 Bd6 8. Bg3 0-0 9. Nbd2 Qe7 10. Ne5 Nd7 11. Ndf3 Bxd3 12. Qxd3 f6 13. Nxc6 bxc6 14. 0-0 c5 15. c4 c6 16. e4 cxd4 17. Bxd6 Qxd6 18. exd5 cxd5 19. Qxd4 Ne5 20. cxd5 Nxf3+ 21. gxf3 Qxd5 22. Qxd5 exd5 23. Rac1 Rfc8 24. Rfd1 Rxc1 25. Rxc1 Kf7 26. Rc7+ Kg6 27. Rd7 Rb8 28. b3 Rb5 29. Rxa7 d4 30. Rd7 Rb4 31. Rd5 f5 32. f4 Kh5 33. f3 g5 34. Rxf5 Kh4 35. Rxg5 1-0

[Event "ESP-ch U10"]
[Site "Salobrena"]
[Date "2022.07.08"]
[Round "7"]
[White "Merino Olaverri, Jon"]
[Black "Tallada Serret, Gerard"]
[Result "1/2-1/2"]
[WhiteElo "1074"]
[BlackElo "1764"]
[PlyCount "122"]
[EventDate "2022.07.04"]
[EventType "swiss"]
[EventRounds "9"]
[EventCountry "ESP"]
[SourceTitle "EXT 2023"]
[Source "ChessBase"]
[SourceDate "2022.10.05"]
[SourceVersion "1"]
[SourceVersionDate "2022.10.05"]
[SourceQuality "1"]

1. d4 d5 2. Bf4 Nf6 3. Nf3 c5 4. e3 Nc6 5. c3 Qb6 6. Qc1 Bf5 7. Nbd2 e6 8. Be2 h6 9. Ne5 Be7 10. h3 0-0 11. 0-0 Rac8 12. Ndf3 a6 13. Nxc6 bxc6 14. Ne5 cxd4 15. exd4 c5 16. Be3 c4 17. Bd1 Bd6 18. Bc2 Be4 19. Bxe4 dxe4 20. Bf4 Nd5 21. Bg3 Rfe8 22. Re1 f6 23. Nd7 Qc6 24. Bxd6 Qxd6 25. Nc5 f5 26. Rf1 e5 27. Rd1 Nf4 28. dxe5 Qxe5 29. Nd7 Qc7 30. Kh1 Nd3 31. Qd2 Qxd7 32. Kg1 Qa7 33. Qc2 Rcd8 34. b3 Nxf2 35. Qxf2 Rxd1+ 36. Rxd1 e3 37. Qe2 cxb3 38. axb3 Qc5 39. Qc4+ Qxc4 40. bxc4 a5 41. Ra1 e2 42. Kf2 a4 43. Ke1 Re3 44. Rxa4 Rxc3 45. Kxe2 Kf7 46. Ra5 Rxc4 47. Rxf5+ Kg6 48. Rf3 Rc2+ 49. Kf1 Rc5 50. Rg3+ Rg5 51. Rxg5+ Kxg5 52. Kf2 Kf4 53. g3+ Ke4 54. g4 Kf4 55. Kg2 g6 56. Kf2 h5 57. gxh5 gxh5 58. Kg2 h4 59. Kf2 Ke5 60. Kf3 Kf5 61. Ke3 Ke5 1/2-1/2

[Event "ESP-ch U10"]
[Site "Salobrena"]
[Date "2022.07.05"]
[Round "3"]
[White "Merino Olaverri, Jon"]
[Black "Jaglinski, Aleksander"]
[Result "1-0"]
[WhiteElo "1074"]
[BlackElo "1249"]
[PlyCount "83"]
[EventDate "2022.07.04"]
[EventType "swiss"]
[EventRounds "9"]
[EventCountry "ESP"]
[SourceTitle "EXT 2023"]
[Source "ChessBase"]
[SourceDate "2022.10.05"]
[SourceVersion "1"]
[SourceVersionDate "2022.10.05"]
[SourceQuality "1"]

1. d4 d5 2. Bf4 e6 3. Nf3 Bd6 4. Bg3 b6 5. e3 Ba6 6. Bxa6 Nxa6 7. c3 Ne7 8. Qa4+ c6 9. Qxa6 0-0 10. Qd3 c5 11. Bxd6 Qxd6 12. Ng5 Ng6 13. 0-0 c4 14. Qe2 h6 15. Nf3 Nh8 16. e4 Rae8 17. e5 Qd8 18. Nbd2 f5 19. b3 b5 20. b4 g5 21. Ne1 Kg7 22. a4 a5 23. Nc2 bxa4 24. Rxa4 axb4 25. Nxb4 Qd7 26. Rfa1 Qf7 27. Nc6 Kg6 28. Ra7 Qg8 29. Ne7+ Rxe7 30. Rxe7 Re8 31. Rxe8 Qxe8 32. Qd1 f4 33. Qa4 Qf7 34. Qc2+ Qf5 35. Qxf5+ Kxf5 36. g3 fxg3 37. fxg3 Kg4 38. Rf1 h5 39. Rf6 h4 40. gxh4 gxh4 41. Rxe6 Kf4 42. Kf2 1-0